000 00704nam a22002177a 4500
003 UA-OsUOA
001 89848
007 ta
008 20121112b un ||||| |||| 00| 0 ukr d
100 _aСкачек Н.Ю.
090 _a330(477)
_bС42
942 _cSA
040 _aUA-OsUOA
_bukr
_cUA-OsUOA
_dUA-OsUOA
245 _aМетодичні підходи до відображення даних щодо органічної продукції у вітчизняній статистиці
300 _aС.25-30
955 _a0
041 _aukr
080 _a330(477)
773 0 _w89845
_tСтатистика України
_dК.
_d2012
_g3
650 7 _a330 Економіка взагалі
_2UDC
999 _c376127
_d376127